El constitucionalismo a mediados del siglo XIX

Guardado en:
Detalles Bibliográficos
Formato: Libro
Lenguaje:español
Publicado: Ciudad de México Universidad Nacional Autónoma de México 1957
Materias:
Etiquetas: Agregar Etiqueta
Sin Etiquetas, Sea el primero en etiquetar este registro!

MARC

LEADER 00000nam a2200000 a 4500
001 UCP8004
003 CL-VaPUC
008 000106e19570000MX |||||||||||||||||spa|d
082 0 4 |a 342.009  |b CON  |2 21 
245 1 3 |a El constitucionalismo a mediados del siglo XIX 
300 |a 2 v 
942 |c BK 
945 |d 20000106 00:00:00  |a crobeson 
260 |a Ciudad de México  |b Universidad Nacional Autónoma de México  |c 1957 
650 0 |a Derecho constitucional   |9 222588 
650 0 |a Constituciones  |9 255417 
650 0 |a Constitucionalismo  |9 341373 
650 0 |a Derechos civiles y políticos   |9 338684 
651 0 |a Alemania  |9 255688 
651 0 |a Argentina  |9 254888 
651 7 |a CHILE  |2 CL-VaPUC  |9 437788 
651 7 |a AUSTRIA  |2 CL-VaPUC  |9 266851 
651 7 |a BELGICA  |2 CL-VaPUC  |9 315122 
651 0 |a Brasil  |9 267393 
651 0 |a Estados Unidos  |9 255178 
583 |a last modification  |c 20000106 00:00:00  |k Rodrigo Vera 
999 |c 285039  |d 285037 
952 |0 0  |1 0  |4 0  |6 342_009000000000000_CON_1957  |7 0  |8 A  |9 329392  |a BIBHIS  |b BIBHIS  |d 2019-11-20  |h v.1  |i 1374117  |o 342.009 CON 1957  |p 1374117  |r 2025-01-20  |w 2019-11-20  |y BK  |k HIS 
952 |0 0  |1 0  |4 0  |6 342_009000000000000_CON_1957  |7 0  |8 A  |9 329393  |a BIBHIS  |b BIBHIS  |d 2019-11-20  |h v.2  |i 1374125  |o 342.009 CON 1957  |p 1374125  |r 2025-01-20  |w 2019-11-20  |y BK  |k HIS